000
00334nam a2200145Ia 4500
008
191201s2009 xx 000 0 und d
082
_a
005.74
_b
SID
100
_a
SILBERSCHATZ, Abraham
245
0
_a
Database Systems Concepts
250
_a
5th
260
_a
N.Delhi
_b
TMH
_c
2009
300
_a
1142
650
_a
MCA
942
_2
ddc
_c
BK
999
_c
4118
_d
4118